Understanding Michael Porter <the> essential guide to competition and strategy

Salvato in:
Dettagli Bibliografici
Autore principale: Magretta, Joan
Natura: Libro
Lingua:inglese
Pubblicazione: Boston Harvard Business Review Press 2012
Soggetti:
Tags: Aggiungi Tag
Nessun Tag, puoi essere il primo ad aggiungerne!!

MARC

LEADER 00000nam a2200000 4500
001 0147923
005 20240313133624.7
020 |a 978-1-4221-6059-6 
041 0 |a eng 
044 |a US 
245 1 0 |a Understanding Michael Porter  |b <the> essential guide to competition and strategy  |c Joan Magretta 
264 1 |a Boston  |b Harvard Business Review Press  |c 2012 
300 |a 236 s. 
610 2 0 |a konkurencia 
610 2 0 |a výhody konkurenčné 
610 2 0 |a riadenie strategické 
610 2 0 |a manažéri 
610 2 0 |a Porter, M. 
100 1 |a Magretta, Joan